20 World Capitals Likely to be Closest to Random Point - Tropical Land - Statistics

General Stats
  • This quiz has been taken 352 times
  • The average score is 7 of 20
Answer Stats
% Capital % Correct
8.1% Brasília
89%
1.7% Lima
75%
2.9% Bogotá
70%
2.0% Quito
62%
2.8% La Paz
49%
2.2% Georgetown
39%
2.8% Paramaribo
37%
2.4% Sucre
36%
3.3% Khartoum
30%
1.4% Luanda
26%
4.2% N'Djamena
26%
2.9% Niamey
25%
3.8% Dili
22%
2.5% Bangui
21%
2.1% Juba
21%
1.6% Bamako
20%
2.2% Lusaka
20%
3.3% Port Moresby
20%
1.6% Windhoek
16%
1.7% Gitega
8%
No matching quizzes found
Score Distribution
Percent of People with Each Score
Percentile by Number Answered
Your Score History
You have not taken this quiz